Statistics for Phobias, Philias, and Manias

Click here to take the quiz!

General Stats

  • This quiz has been taken 82 times
  • The average score is 5 of 14

Answer Stats

SubjectAnswer% Correct
Fire{Pyro}mania
84%
Spiders{Arachno}phobia
79%
Foreigners{Xeno}phobia
79%
Corpses{Necro}philia
76%
Books{Biblio}philia
63%
Crowds{Demo}phobia
52%
Cats{Ailuro}phobia
45%
Power{Megalo}mania
22%
Wealth{Pluto}mania
16%
Poisons{Toxico}mania
12%
Numbers{Arithmo}phobia
9%
Pain{Algo}philia
7%
Flutes{Aulo}phobia
1%
War{Polemo}mania
1%

Score Distribution

Percentile by Number Answered

Percent of People with Each Score

Your Score History

You have not taken this quiz